000
00276nam a22001097a 4500
082
_a
621 HOU'T
100
_a
HOUGHTON, E. L,BROCK, A. E
_9
78484
245
_a
TABLES FOR THE COMPRESSIBLE FLOW OF DRY AIR
260
_a
LONDON
_b
EDWARD ARNOLD
_c
1969
300
_a
64P
942
_c
BK
999
_c
583600
_d
583600